Význam marketingu v malých a stredných podnikoch počas globálnej krízy
Viaceré faktory, ktoré ovplyvňujú úspešnosť zavádzania nových výrobkov v malých podnikoch. Podceňovanie významu marketingového výskumu a tvorba marketingovej stratégie v malom alebo strednom podniku.
Saved in:
| Main Author: | |
|---|---|
| Format: | Book Chapter |
| Language: | Slovak |
| Subjects: | |
| Tags: |
No Tags, Be the first to tag this record!
|
MARC
| LEADER | 00000nla a2200000 4500 | ||
|---|---|---|---|
| 001 | 0166189 | ||
| 005 | 20240502072909.9 | ||
| 041 | 0 | |a slo | |
| 044 | |a SK | ||
| 245 | 1 | 0 | |a Význam marketingu v malých a stredných podnikoch počas globálnej krízy |c Denisa Gajdová |
| 520 | |a Viaceré faktory, ktoré ovplyvňujú úspešnosť zavádzania nových výrobkov v malých podnikoch. Podceňovanie významu marketingového výskumu a tvorba marketingovej stratégie v malom alebo strednom podniku. | ||
| 610 | 2 | 0 | |a marketing manažment |
| 610 | 2 | 0 | |a stratégia marketingová |
| 610 | 2 | 0 | |a výskum marketingový |
| 610 | 2 | 0 | |a výrobky nové |
| 610 | 2 | 0 | |a podnik malý |
| 610 | 2 | 0 | |a podnik stredný |
| 100 | 1 | |a Gajdová, Denisa, 1977- | |